| Поле | Инд. | ПП | Название | Значение |
|---|---|---|---|---|
| Тип записи | a | |||
| Библиографический уровень | a | |||
| 001 | Контрольный номер | 80fa3afc13c74facb93145b0f7f2faff | ||
| 005 | Дата корректировки | 20160512082358.8 | ||
| 040 | a | Служба первич. каталог. | НБ ТвГУ | |
| b | Код языка каталог. | rus | ||
| e | Правила каталог. | PSBO | ||
| 041 | 0_ | a | Код языка текста | rus |
| 097 | b | Оператор | komarovaES | |
| 100 | 1_ | a | Автор | Венгеровская Людмила Абрамовна |
| q | Полное имя | Венгеровская Л. А. | ||
| 245 | 11 | a | Заглавие | "Наименовать ее зубную лекаркою" |
| 260 | a | Место издания | Тверь | |
| b | Издательство | Альфа-Пресс | ||
| 520 | 0_ | a | Аннотация | Статья посвящена воспоминаниям студента Петербургскогго университета: "Раз осенний семестр 1860 года сидим мы, студенты-юристы, в аудитории и поджидаем профессора; входит профессор, но к крайнему нашему удивлению, вслед за ним появилась фигура ректора Плетнева, ведшего за руку миловидную барышню..." |
| 653 | 0_ | a | Ключевые слова | Библиотека |
| a | Ключевые слова | Воспоминания | ||
| a | Ключевые слова | Профессор | ||
| a | Ключевые слова | Врачи | ||
| a | Ключевые слова | Женщины | ||
| a | Ключевые слова | Лекции | ||
| 773 | 18 | w | Контрольный № источника | 5a2dc17c-0e6d-4d4f-8754-63ff228157d4 |
| t | Название источника | Краеведческие исследования библиотек | ||
| d | Место и дата издания | Тверь : Альфа-Пресс, 2004 | ||
| g | Прочая информация | С. 22-25 | ||
| 901 | t | Тип документа | a | |
| 920 | a | Оператор | Кома |